[Event "Copenhagen Killer Chess op"]
[Site "Copenhagen"]
[Date "2023.10.20"]
[Round "7"]
[White "Hector, Jonny"]
[Black "Chatalbashev, Boris"]
[Result "1/2-1/2"]
[WhiteElo "2436"]
[BlackElo "2467"]
[PlyCount "64"]
[EventDate "2023.10.14"]
[EventType "swiss"]
[EventRounds "9"]
[EventCountry "DEN"]
[SourceTitle "Mega2024 Update 01"]
[Source "Chessbase"]
[SourceDate "2023.11.12"]
[SourceVersion "1"]
[SourceVersionDate "2023.11.12"]
[SourceQuality "1"]

1. e4 c5 2. Nf3 Nc6 3. Bb5 g6 4. 0-0 Bg7 5. c3 Nf6 6. Re1 0-0 7. h3 e5 8. d4 cxd4 9. cxd4 Nxd4 10. Nxd4 Qb6 11. Nf3 Qxb5 12. Nc3 Qa5 13. Qd3 d5 14. Bd2 dxe4 15. Nxe4 Qb6 16. Nxf6+ Bxf6 17. Bc3 Rd8 18. Qe3 Qxe3 19. Rxe3 Be6 20. Nxe5 Bg5 21. Re2 Rac8 22. Ng4 Bc4 23. Ree1 Bd2 24. Re7 Bxc3 25. bxc3 h5 26. Ne5 Bd5 27. Rd1 Bxa2 28. Rxd8+ Rxd8 29. Rxb7 a5 30. Ra7 Rd5 31. Nc6 Rc5 32. Rxa5 Rxc6 1/2-1/2

[Event "Copenhagen Killer Chess op"]
[Site "Copenhagen"]
[Date "2023.10.16"]
[Round "3"]
[White "Chatalbashev, Boris"]
[Black "Nordenbaek, Jan"]
[Result "1-0"]
[WhiteElo "2467"]
[BlackElo "2156"]
[PlyCount "44"]
[EventDate "2023.10.14"]
[EventType "swiss"]
[EventRounds "9"]
[EventCountry "DEN"]
[SourceTitle "Mega2024 Update 01"]
[Source "Chessbase"]
[SourceDate "2023.11.12"]
[SourceVersion "1"]
[SourceVersionDate "2023.11.12"]
[SourceQuality "1"]

1. d4 Nf6 2. c4 e6 3. Nc3 Bb4 4. Nf3 c5 5. g3 Ne4 6. Qd3 Qa5 7. Qxe4 Bxc3+ 8. Bd2 Bxd2+ 9. Nxd2 f5 10. Qe5 0-0 11. Qxc5 Qxc5 12. dxc5 Na6 13. Nb3 f4 14. Rd1 Rb8 15. Bg2 b6 16. c6 dxc6 17. Nd4 c5 18. Nc6 Rb7 19. gxf4 Rxf4 20. 0-0 Rc7 21. Rd8+ Rf8 22. Rfd1 Bb7 1-0

[Event "London Mindsports op"]
[Site "London"]
[Date "2023.09.16"]
[Round "8"]
[White "Chatalbashev, Boris"]
[Black "Gordon, Frederick"]
[Result "1-0"]
[WhiteElo "2466"]
[BlackElo "2302"]
[PlyCount "131"]
[EventDate "2023.09.13"]
[EventType "swiss"]
[EventRounds "9"]
[EventCountry "ENG"]
[SourceTitle "EXT 2024"]
[Source "ChessBase"]
[SourceDate "2023.10.10"]
[SourceVersion "1"]
[SourceVersionDate "2023.10.10"]
[SourceQuality "1"]

1. Nf3 d5 2. g3 Nf6 3. Bg2 c5 4. 0-0 g6 5. d4 cxd4 6. Nxd4 Bg7 7. c4 0-0 8. cxd5 Nxd5 9. Nc3 Nxc3 10. bxc3 Qc7 11. Rb1 Nc6 12. Nxc6 bxc6 13. Bf4 e5 14. Be3 Ba6 15. Qc2 Rfd8 16. c4 Qa5 17. Rfc1 Bc8 18. Bxc6 Bf5 19. Rb5 Qa6 20. Bb7 Qxb5 21. cxb5 Bxc2 22. Bxa8 Ba4 23. Bc6 Rd1+ 24. Rxd1 Bxd1 25. Bxa7 Ba4 26. e4 Bf8 27. Bb8 Bc5 28. Bxe5 Bb6 29. Kg2 g5 30. Bc3 h5 31. Bd2 f6 32. e5 fxe5 33. Bxg5 Kg7 34. Be3 Bd8 35. h4 Ba5 36. Kf3 Kf6 37. Bc5 Ke6 38. Ke3 Be1 39. Ke2 Ba5 40. f3 Bd8 41. Kd3 Ba5 42. g4 hxg4 43. fxg4 Bd8 44. g5 Kf5 45. Bd7+ Kg6 46. Ke4 Kh5 47. Kxe5 Kxh4 48. g6 Kg5 49. Be8 Kh6 50. Bf8+ Kg5 51. g7 Bf6+ 52. Kd6 Bxg7 53. Bxg7 Kf4 54. b6 Bxe8 55. b7 Bf7 56. a3 Kg5 57. b8Q Bg6 58. Ke5 Kg4 59. Qb4+ Kf3 60. Qf4+ Ke2 61. Qg4+ Kd2 62. Qxg6 Kc3 63. Kd5+ Kb3 64. Qd3+ Ka4 65. Kc5 Ka5 66. Qb5# 1-0

[Event "London Mindsports op"]
[Site "London"]
[Date "2023.09.16"]
[Round "7"]
[White "Chatalbashev, Boris"]
[Black "Stoyanov, Viktor"]
[Result "1/2-1/2"]
[WhiteElo "2466"]
[BlackElo "2262"]
[PlyCount "71"]
[EventDate "2023.09.13"]
[EventType "swiss"]
[EventRounds "9"]
[EventCountry "ENG"]
[SourceTitle "EXT 2024"]
[Source "ChessBase"]
[SourceDate "2023.10.10"]
[SourceVersion "1"]
[SourceVersionDate "2023.10.10"]
[SourceQuality "1"]

1. Nf3 d5 2. g3 c5 3. Bg2 Nf6 4. 0-0 Nc6 5. d3 e5 6. Bg5 Be7 7. Nc3 Be6 8. e4 d4 9. Bxf6 Bxf6 10. Nd5 Nb4 11. c4 dxc3 12. Nxf6+ Qxf6 13. bxc3 Nc6 14. Nd2 Qd8 15. Qe2 0-0 16. f4 f6 17. Rab1 Qd7 18. Nc4 Rad8 19. Ne3 Qxd3 20. Qxd3 Rxd3 21. Nd5 b6 22. Rf2 Bxd5 23. exd5 Nd8 24. fxe5 fxe5 25. Re2 Nf7 26. Rc1 Ng5 27. Rxe5 Nf3+ 28. Bxf3 Rfxf3 29. Kg2 Rxc3 30. Re8+ Kf7 31. Rce1 Rf6 32. R8e7+ Kg6 33. Rxa7 Rc2+ 34. Kh3 Rd2 35. Ree7 Kf5 36. g4+ 1/2-1/2

[Event "London Mindsports op"]
[Site "London"]
[Date "2023.09.15"]
[Round "6"]
[White "Willow, Jonah B"]
[Black "Chatalbashev, Boris"]
[Result "1/2-1/2"]
[WhiteElo "2410"]
[BlackElo "2466"]
[PlyCount "85"]
[EventDate "2023.09.13"]
[EventType "swiss"]
[EventRounds "9"]
[EventCountry "ENG"]
[SourceTitle "EXT 2024"]
[Source "ChessBase"]
[SourceDate "2023.10.10"]
[SourceVersion "1"]
[SourceVersionDate "2023.10.10"]
[SourceQuality "1"]

1. e4 c5 2. Nf3 Nc6 3. Bb5 g6 4. Bxc6 bxc6 5. d4 Bg7 6. dxc5 Qa5+ 7. Nbd2 Ba6 8. Rb1 Qxc5 9. b4 Qh5 10. c4 g5 11. Qa4 Bb7 12. Qa5 Nf6 13. Bb2 g4 14. Bxf6 Qxa5 15. bxa5 Bxf6 16. Rxb7 gxf3 17. gxf3 Rg8 18. Ke2 Rg2 19. Kf1 Rg5 20. Nb3 a6 21. f4 Rg4 22. e5 Bg7 23. Rg1 Rxg1+ 24. Kxg1 Bh6 25. f5 Bf4 26. e6 fxe6 27. fxe6 dxe6 28. Rb6 Bc7 29. Rxc6 Kd7 30. Rc5 Rg8+ 31. Kf1 Bxh2 32. Rh5 Bd6 33. c5 Bc7 34. Rxh7 Rg4 35. Rh8 Ra4 36. Ra8 Rxa2 37. Rxa6 Ra3 38. Nd4 Rxa5 39. Rxa5 Bxa5 40. Ke2 Bb4 41. c6+ Kd6 42. c7 Kxc7 43. Nxe6+ 1/2-1/2

[Event "Munich Laimer op 2nd"]
[Site "Munich"]
[Date "2023.05.29"]
[Round "7"]
[White "Chatalbashev, Boris"]
[Black "Ciolek, Andreas"]
[Result "0-1"]
[WhiteElo "2506"]
[BlackElo "2273"]
[PlyCount "94"]
[EventDate "2023.05.26"]
[EventType "swiss"]
[EventRounds "9"]
[EventCountry "GER"]
[SourceTitle "CBM 214 Extra"]
[Source "ChessBase"]
[SourceDate "2023.07.31"]
[SourceVersion "1"]
[SourceVersionDate "2023.07.31"]
[SourceQuality "1"]

1. c4 e6 2. d4 d5 3. Nc3 Nf6 4. cxd5 exd5 5. Bg5 c6 6. e3 h6 7. Bh4 Be7 8. Bd3 0-0 9. Nge2 Nbd7 10. f3 b5 11. 0-0 a5 12. Rc1 Ba6 13. Kh1 Rc8 14. a4 Qb6 15. axb5 cxb5 16. e4 dxe4 17. fxe4 b4 18. Na4 Qb7 19. Rxc8 Rxc8 20. Ng3 Bxd3 21. Qxd3 Qc6 22. b3 g5 23. Nf5 Bf8 24. e5 Qe4 25. Qxe4 Nxe4 26. Bg3 Nd2 27. Rd1 Nxb3 28. d5 Nbc5 29. Rc1 Re8 30. Nxc5 Nxc5 31. d6 Nd3 32. Rd1 Nc5 33. Rd5 b3 34. Rxc5 Rb8 35. Nxh6+ Kh7 36. Nxf7 b2 37. Nxg5+ Kg6 38. h4 b1Q+ 39. Kh2 Qf1 40. Nh3 Bh6 41. h5+ Kf5 42. d7 Rb2 43. Nf2 Rxf2 44. e6+ Kxe6 45. Bxf2 Qxf2 46. Rc6+ Kxd7 47. Rxh6 Qf4+ 0-1

[Event "ITA-chT GpA 54th"]
[Site "Bacoli"]
[Date "2023.04.28"]
[Round "5"]
[White "Chatalbashev, Boris"]
[Black "Gorshtein, Ido"]
[Result "1-0"]
[WhiteElo "2475"]
[BlackElo "2514"]
[PlyCount "107"]
[EventDate "2023.04.25"]
[EventType "team-tourn"]
[EventRounds "7"]
[EventCountry "ITA"]
[SourceTitle "CBM 213 Extra"]
[Source "ChessBase"]
[SourceDate "2023.05.31"]
[SourceVersion "1"]
[SourceVersionDate "2023.05.31"]
[SourceQuality "1"]
[WhiteTeam "Il Grifone Di Arzignano"]
[BlackTeam "Carrera Don Pietro"]
[WhiteTeamCountry "ITA"]
[BlackTeamCountry "ITA"]

1. Nf3 d5 2. g3 Nd7 3. d4 Nb6 4. Bg2 Nf6 5. 0-0 h6 6. a4 a5 7. b3 Bf5 8. Ba3 c6 9. Nc3 Nbd7 10. Ne5 Nb6 11. Nf3 Nbd7 12. Ne5 e6 13. Bxf8 Kxf8 14. Nxd7+ Qxd7 15. f3 Rd8 16. Qd2 Bg6 17. Nd1 Qc7 18. Nf2 Kg8 19. b4 axb4 20. Qxb4 Kh7 21. c4 Ra8 22. Rfc1 Rhe8 23. e4 dxe4 24. fxe4 c5 25. Qxc5 Qxc5 26. dxc5 Nd7 27. Nd3 Ra7 28. Rcb1 Rea8 29. Rb4 Rc8 30. Rb5 f6 31. a5 e5 32. Bh3 Rc7 33. Bf5 Bxf5 34. exf5 e4 35. Nf4 Rxc5 36. Rd1 Rxb5 37. cxb5 Ne5 38. Ra1 Ra8 39. Kf2 Nc4 40. a6 Nd6 41. Ne6 b6 42. Nc7 Ra7 43. Rc1 Nxf5 44. g4 Ne7 45. Ne6 Nd5 46. Rc8 h5 47. gxh5 Re7 48. h4 e3+ 49. Ke1 g6 50. Nf8+ Kh6 51. Nxg6 Rd7 52. Rh8+ Kg7 53. Rh7+ Kxh7 54. Nf8+ 1-0